Statistics for German States Flags

Click here to take the quiz!

General Stats

  • This quiz has been taken 7 times
  • The average score is 13 of 16

Answer Stats

Answer% Correct
Hamburg
100%
Bremen
100%
Lower Saxony
100%
North Rhine-Westphalia
100%
Mecklenburg-Vorpommern
100%
Berlin
100%
Saxony
100%
Schleswig-Holstein
80%
Brandenburg
80%
Thuringia
80%
Hesse
80%
Rhineland-Palatinate
80%
Saarland
80%
Baden-Wurttemberg
80%
Bavaria
80%
Saxont-Anhalt
0%

Score Distribution

Percentile by Number Answered

Percent of People with Each Score

Your Score History

You have not taken this quiz